00462nam a2200193 a 4500001001300000003000900013005001700022008004100039020001000080082001500090100001900105245002100124260003500145300000800180500003500188505001000223650001600233700001900249nice12345678IN_TiNIC20260116011403.0050524s1921 alla grp 000 0 urd  ac10000a239.9bQAL aQalander, John aMasla-E-takhleek aAllahabadbMission Pressc1921 a69p aincludes index and biblioraphy2 aIndex aApologetics1 aQalander, John